000 02242nam a22002657a 4500
001 9564
003 FISKH
005 20260123144357.0
008 260123b cb ||||| |||| 00| 0 eng d
020 _a9781786583239
040 _aFISKH
_beng
_cFISKH
_dFISKH
050 _aPL877.5 .A357 .M6713
082 _a895.63
100 _aYagisawa, Satoshi
_eAuthor
245 _aDays at the Morisaki bookshop /
_cSatoshi Yagisawa ; translated from the Japanese by Eric Ozawa
260 _aLondon :
_bManilla Press ,
_c2023
300 _a169 pages :
_c20 cm
490 _aMorisaki bookshop
_v1
520 _aTwenty-five-year-old Takako has enjoyed a relatively easy existence, until the day her boyfriend Hideaki, the man she expected to wed, casually announces he's been cheating on her and is marrying the other woman. Suddenly, Takako's life is in freefall. She loses her job, her friends, and her acquaintances, and spirals into a deep depression. In the depths of her despair, she receives a call from her distant uncle Satoru. An unusual man who has always pursued something of an unconventional life, especially after his wife Momoko left him out of the blue five years earlier, Satoru runs a second-hand bookshop in Jimbocho, Tokyo's famous book district. Takako once looked down upon Satoru's life. Now, she reluctantly accepts his offer of the tiny room above the bookshop rent-free in exchange for helping out at the store. The move is temporary, until she can get back on her feet. But in the months that follow, Takako surprises herself when she develops a passion for Japanese literature, becomes a regular at a local coffee shop where she makes new friends, and eventually meets a young editor from a nearby publishing house who's going through his own messy breakup. But just as she begins to find joy again, Hideaki reappears, forcing Takako to rely once again on her uncle, whose own life has begun to unravel. Together, these seeming opposites work to understand each other and themselves as they continue to share the wisdom they've gained in the bookshop.
650 _aJapanese fiction
_vBookstore
650 _aGeneral fiction
_vTranslated
700 _aOzawa, Eric
_eTranslator
942 _2ddc
_cBK
_n0
999 _c9564
_d9564